Gaming Quiz

Random Gaming or Pokémon Quiz

Pokemon Gym Leaders by Generations Quiz Stats

 Plays Quiz not verified by Sporcle

Challenge
Share
Tweet
Embed
Score 0/54 Timer 09:00
0 Plays Today
Hint Leaders % Correct
Rock Leader in KantoBrock
98.4%
Water Leader in KantoMisty
95.2%
Electric Leader in KantoLt. Surge
91.9%
Psychic Leader in KantoSabrina
90.3%
Grass Leader in KantoErika
88.7%
Fire Leader in KantoBlaine
88.7%
Ground Leader in KantoGiovanni
87.1%
Rival in Red/BlueBlue
87.1%
Poison Leader in Red/BlueKoga
85.5%
Bug Leader in JohtoBugsy
85.5%
Normal Leader in JohtoWhitney
83.9%
Steel Leader in JohtoJasmine
83.9%
Rock Leader of HoennRoxanne
83.9%
Electric Leader of HoennWattson
83.9%
Fire Leader of HoennFlannery
83.9%
Ghost Leader in JohtoMorty
82.3%
Fighting Leader of HoennBrawly
82.3%
Normal Leader of HoennNorman
82.3%
Poison Leader in Gold/Silver/CrystalJanine
80.6%
Flying Leader in JohtoFalkner
79%
Fighting Leader in JohtoChuck
79%
Dragon Leader in JohtoClair
79%
Ice Leader in JohtoPryce
75.8%
Flying Leader of HoennWinona
75.8%
Water Leader of Ruby/SapphireWallace
74.2%
Water Leader of EmeraldJuan
69.4%
Trio of Brothers in Black/WhiteChili
69.4%
Hint Leaders % Correct
Rock Leader of SinnohRoark
67.7%
Dragon Leader(s) of UnovaDrayden
62.9%
Grass Leader of SinnohGardenia
61.3%
Electric Leader of SinnohVolkner
61.3%
Water Leader of SinnohCrasher Wake
59.7%
Ghost Leader of SinnohFantina
56.5%
Normal Leader in Black 2/White 2Cheren
56.5%
Steel Leader of SinnohByron
54.8%
Ice Leader of SinnohCandice
54.8%
Poison Leader in Black 2/White 2Roxie
53.2%
Fighting Leader of SinnohMaylene
51.6%
Ice Leader in Black/WhiteBrycen
51.6%
Grass Leader of KalosRamos
51.6%
Bug Leader of UnovaBurgh
50%
Electric Leader of UnovaElesa
50%
Ground Leader of UnovaClay
50%
Water Leader in Black 2/White 2Marlon
50%
Flying Leader of UnovaSkyla
48.4%
Rock Leader of KalosGrant
48.4%
Bug Leader of KalosViola
45.2%
Normal Leader in Black/WhiteLenora
43.5%
Fighting Leader of KalosKorrina
43.5%
Psychic Leader of KalosOlympia
43.5%
Fairy Leader of KalosValerie
37.1%
Psychic Leaders of HoennLisa & Tate
24.2%
Ice Leader of KalosWolfric
17.7%
Electric Leader of KalosCelmont
4.8%

You're not logged in!

Compare scores with friends on all Sporcle quizzes.
OR
Log In

You Might Also Like...

Show Comments

Extras

Top Quizzes Today


Score Distribution

Your Account Isn't Verified!

In order to create a playlist on Sporcle, you need to verify the email address you used during registration. Go to your Sporcle Settings to finish the process.

Report this User

Report this user for behavior that violates our Community Guidelines.

Details: